[Event "East European zonal 3 (w)"]
[Site "Balatonfoldvar HUN"]
[Date "1987.??.??"]
[Round "1"]
[White "Madl, Ildiko"]
[Black "Baumstark, Gertrude"]
[Result "0-1"]
[WhiteElo "2320"]
[BlackElo "2080"]
[EventDate "1987.02.19"]
[PlyCount "106"]

1.e4 e5 2.Nf3 Nc6 3.d4 exd4 4.Bc4 Nf6 5.e5 d5 6.Bb5 Ne4 7.Nxd4 Bc5 8.Be3 
Bd7 9.Bxc6 bxc6 10.Nd2 Qh4 11.g3 Qh3 12.Nxe4 dxe4 13.Qe2 O-O 14.O-O-O Bg4 
15.f3 exf3 16.Qf2 Rfe8 17.Nxc6 Bxe3+ 18.Qxe3 f2 19.Rdf1 Qg2 20.Nb4 Qb7 21.
Qxf2 Qxb4 22.Qxf7+ Kh8 23.Rf4 Qb7 24.Rhf1 Qc8 25.Qc4 Be6 26.Qe4 Qd8 27.Rh4
Qg5+ 28.Kb1 h6 29.Rhf4 Rad8 30.b3 Bd5 31.Qe3 Rxe5 32.Qxa7 Qe7 33.Kb2 Re2 
34.R4f2 Qe5+ 35.Kb1 Re1+ 36.Rxe1 Qxe1+ 37.Kb2 Qe5+ 38.c3 Bc6 39.a4 Kh7 40.
Rc2 Be4 41.Qe3 Qd5 42.Rf2 Bg6 43.Qf4 Rb8 44.b4 Qd1 45.Qxc7 Ra8 46.a5 Qb1+ 
47.Ka3 Bc2 48.Rxc2 Qxc2 49.b5 Re8 50.b6 Re3 51.Kb4 Qb2+ 52.Kc5 Rxc3+ 53.
Kd6 Qd2+ 0-1

[Event "East European zonal 3 (w)"]
[Site "Balatonfoldvar HUN"]
[Date "1987.??.??"]
[Round "1"]
[White "Ciprianova-Kubikova, Hana"]
[Black "Szmacinska, Grazyna"]
[Result "0-1"]
[WhiteElo "2145"]
[BlackElo "2315"]
[EventDate "1987.02.19"]
[PlyCount "104"]

1.d4 g6 2.c4 Bg7 3.Nc3 d6 4.e4 Nf6 5.Nf3 O-O 6.Be3 Nbd7 7.h3 e5 8.d5 Nh5 
9.Nd2 a6 10.b4 Qe8 11.c5 f5 12.Nb3 Ndf6 13.Qc2 fxe4 14.g4 Nf4 15.O-O-O Bd7
16.Bc4 Bb5 17.Nxe4 Nxe4 18.Qxe4 Bxc4 19.Qxc4 Qa4 20.Nd2 e4 21.Qb3 Qxb3 22.
Nxb3 Nd3+ 23.Rxd3 exd3 24.Kd2 Rae8 25.cxd6 cxd6 26.Na5 Re5 27.Nxb7 Rxd5 
28.Na5 Rc8 29.Rc1 Rxc1 30.Kxc1 Bd4 31.Kd2 Bxe3+ 32.fxe3 Kf7 33.a4 Kf6 34.
Nc6 h5 35.gxh5 Rxh5 36.Kxd3 Rxh3 37.Nb8 g5 38.Nxa6 Rh2 39.Nc7 Ra2 40.a5 g4
41.Nd5+ Ke5 42.Nf4 g3 43.Kc4 d5+ 44.Kb3 g2 45.Nxg2 Rxg2 46.Ka4 Kd6 47.Kb5 
Re2 48.Kb6 Rxe3 49.b5 d4 50.Ka7 Re7+ 51.Kb8 d3 52.a6 Kc5 0-1

[Event "East European zonal 3 (w)"]
[Site "Balatonfoldvar HUN"]
[Date "1987.??.??"]
[Round "1"]
[White "Erenska-Radzewska, Hanna"]
[Black "Richtrova-Klimova, Eliska"]
[Result "0-1"]
[WhiteElo "2300"]
[BlackElo "2320"]
[EventDate "1987.02.19"]
[PlyCount "156"]

1.e4 e5 2.Nf3 Nc6 3.Bc4 Bc5 4.O-O d6 5.h3 Nf6 6.Re1 O-O 7.Bb3 Nd4 8.Nxd4 
exd4 9.d3 Ne8 10.Qh5 Be6 11.Bg5 Qd7 12.Nd2 f6 13.Bh4 c6 14.Re2 Nc7 15.Bg3 
Rae8 16.a3 a6 17.Rae1 b5 18.f4 Bb6 19.Bxe6+ Nxe6 20.f5 Nd8 21.Bf2 c5 22.
Nf3 Nc6 23.Bg3 Ne5 24.Kh1 c4 25.dxc4 bxc4 26.Rd1 d3 27.cxd3 Nxd3 28.Ne1 
Qa4 29.Rb1 Qc6 30.Nxd3 cxd3 31.Rd2 Qxe4 32.Rbd1 Rc8 33.Rxd3 Rc2 34.Qf3 d5 
35.Rb3 Bc5 36.Rbd3 Rxb2 37.Rxd5 Qxf3 38.gxf3 Bxa3 39.Ra5 Rb3 40.Rxa6 Rxf3 
41.Kg2 Rb3 42.Bf2 Rc8 43.Rd5 Bf8 44.Ra2 Rcb8 45.Rc2 h5 46.Ra2 R8b5 47.Ra5 
Rxa5 48.Rxa5 Bd6 49.Rd5 Be5 50.Rd8+ Kh7 51.Rd5 Kh6 52.Rd8 Rb5 53.Be3+ Kh7 
54.Kf3 Bc7 55.Rd7 Rxf5+ 56.Ke4 Re5+ 57.Kd3 Ba5 58.Bd4 Rf5 59.Ke4 Rf1 60.
Rd5 Bc7 61.Rxh5+ Kg6 62.Rh8 Bf4 63.Ra8 Bh6 64.Ra3 Rf4+ 65.Kd5 Kf5 66.Rb3 
Rf1 67.Ra3 Rd1 68.Rb3 Bf4 69.Kc4 Ke4 70.Bc5 Rc1+ 71.Kb5 f5 72.Kc6 Rc4 73.
Kb5 Rc2 74.Kc6 Bd2 75.Kd6 Bc3 76.Ke6 f4 77.Bd6 f3 78.Bg3 Bd4 0-1

[Event "East European zonal 3 (w)"]
[Site "Balatonfoldvar HUN"]
[Date "1987.??.??"]
[Round "1"]
[White "Stanciu, Gabriela"]
[Black "Angelova, Pavlina"]
[Result "0-1"]
[WhiteElo "2245"]
[BlackElo "2245"]
[EventDate "1987.02.19"]
[PlyCount "107"]

1.Nf3 Nf6 2.c4 g6 3.Nc3 d5 4.cxd5 Nxd5 5.Qa4+ Nc6 6.Ne5 Nb4 7.a3 Bg7 8.
axb4 Bxe5 9.b5 Nb8 10.e3 O-O 11.d4 Bg7 12.Be2 c6 13.bxc6 Nxc6 14.O-O Bd7 
15.Qb3 b6 16.Rd1 Na5 17.Qa2 Be6 18.d5 Bd7 19.Bd2 Nb7 20.Bf3 Nd6 21.Rac1 a5
22.Ne4 Bb5 23.Bc3 Bxc3 24.Rxc3 Rc8 25.Rdc1 Rxc3 26.Rxc3 Nxe4 27.Bxe4 Qd6 
28.h4 Bd7 29.Qb3 Rc8 30.Rxc8+ Bxc8 31.h5 gxh5 32.Qc2 Bb7 33.Qd1 Qe5 34.Bf3
Qxb2 35.Bxh5 Qe5 36.Qg4+ Kf8 37.e4 a4 38.Qf3 f6 39.Bg4 Qa1+ 40.Kh2 a3 41.
Be6 Qe5+ 42.g3 a2 43.Qg4 Qg5 44.Qd1 Bc8 45.f4 Qh6+ 46.Kg2 Bxe6 47.dxe6 Qg6
48.f5 Qe8 49.Kf2 Qa8 50.Qa1 b5 51.g4 b4 52.g5 Qxe4 53.Qxa2 Qxf5+ 54.Ke2 
0-1

[Event "East European zonal 3 (w)"]
[Site "Balatonfoldvar HUN"]
[Date "1987.??.??"]
[Round "1"]
[White "Grosch, Maria"]
[Black "Ivanka, Maria"]
[Result "0-1"]
[WhiteElo "2220"]
[BlackElo "2290"]
[EventDate "1987.02.19"]
[PlyCount "120"]

1.Nf3 Nf6 2.c4 g6 3.g3 Bg7 4.Bg2 O-O 5.O-O c5 6.Nc3 Nc6 7.d4 d6 8.dxc5 
dxc5 9.Bf4 Nh5 10.Bg5 h6 11.Be3 Nd4 12.Nd2 Bf5 13.Rc1 Qd7 14.Nb3 Rac8 15.
Qd2 Rfd8 16.Rfd1 Bh3 17.Bxh3 Qxh3 18.Qe1 e5 19.f3 Qe6 20.Nd2 f5 21.Bf2 e4 
22.fxe4 f4 23.e3 fxg3 24.hxg3 Nc6 25.Nd5 Qg4 26.Kg2 Rf8 27.Nf4 Ne5 28.Nf1 
Qf3+ 29.Kg1 Ng4 30.Nh2 Qxf2+ 31.Qxf2 Nxf2 32.Kxf2 g5 33.g4 Nf6 34.Ne6 
Nxe4+ 35.Kg1 Bxb2 36.Nxf8 Bxc1 37.Rxc1 Rxf8 38.Rf1 Nd2 39.Rc1 Re8 40.Kf2 
Re4 41.Ke2 Nxc4 42.Kd3 Nd6 43.Rxc5 Ra4 44.Rc2 Kg7 45.Rg2 Kf6 46.Nf3 Ra3+ 
47.Kd4 Nb5+ 48.Kc4 Rxe3 49.Nxg5 Kxg5 50.Kxb5 Re5+ 51.Kc4 Re4+ 52.Kd3 Rxg4 
53.Rb2 b6 54.Ke3 h5 55.Kf3 Rf4+ 56.Kg3 h4+ 57.Kh3 Rf3+ 58.Kh2 Ra3 59.Kg2 
Kf4 60.Re2 Re3 0-1

[Event "East European zonal 3 (w)"]
[Site "Balatonfoldvar HUN"]
[Date "1987.??.??"]
[Round "1"]
[White "Jicman, Ligia-Letitia"]
[Black "Porubszky, Maria"]
[Result "1/2-1/2"]
[WhiteElo "2220"]
[BlackElo "2240"]
[EventDate "1987.02.19"]
[PlyCount "35"]

1.e4 c5 2.Nf3 d6 3.d4 cxd4 4.Nxd4 Nf6 5.Nc3 g6 6.Be2 Bg7 7.O-O O-O 8.Bg5 
Nc6 9.Nb3 a6 10.a4 Be6 11.Kh1 Na5 12.Nd4 Bc4 13.Bd3 Rc8 14.Rb1 Qb6 15.Be3 
Qc7 16.Rc1 e5 17.Nb3 Be6 18.Nxa5 1/2-1/2

[Event "East European zonal 3 (w)"]
[Site "Balatonfoldvar HUN"]
[Date "1987.??.??"]
[Round "1"]
[White "Veroci-Petronic, Zsuzsa"]
[Black "Voiska, Margarita"]
[Result "1/2-1/2"]
[WhiteElo "2415"]
[BlackElo "2305"]
[EventDate "1987.02.19"]
[PlyCount "37"]

1.e4 e6 2.d4 d5 3.e5 c5 4.c3 Nc6 5.Nf3 Nge7 6.Na3 cxd4 7.cxd4 Nf5 8.Nc2 
Nb4 9.Nxb4 Bxb4+ 10.Bd2 Qa5 11.Bd3 O-O 12.Bxf5 exf5 13.O-O Be6 14.Be3 h6 
15.h4 Rac8 16.Qb3 Rc7 17.Rac1 Rfc8 18.Rxc7 Rxc7 19.Rc1 1/2-1/2

[Event "East European zonal 3 (w)"]
[Site "Balatonfoldvar HUN"]
[Date "1987.??.??"]
[Round "1"]
[White "Savova, Stefka"]
[Black "Muresan, Margareta"]
[Result "1/2-1/2"]
[WhiteElo "2245"]
[BlackElo "2310"]
[EventDate "1987.02.19"]
[PlyCount "83"]

1.e4 c5 2.Nf3 e6 3.d3 Nc6 4.Nbd2 d5 5.Be2 Bd6 6.O-O Qc7 7.c3 Nf6 8.Re1 O-O
9.Qc2 Bd7 10.Nf1 h6 11.a3 a5 12.a4 Rac8 13.Ne3 Rfe8 14.g3 d4 15.Nc4 e5 16.
Nh4 Bf8 17.Rf1 Bh3 18.Ng2 Qd8 19.f3 Nd7 20.Qb3 b6 21.Rf2 Be6 22.Bd2 Be7 
23.Raf1 Rf8 24.Bc1 Kh7 25.f4 exf4 26.Nxf4 Bxc4 27.Qxc4 Nde5 28.Qd5 Qd6 29.
Qxd6 Bxd6 30.Nd5 Rb8 31.c4 Rb7 32.Bd2 Rd8 33.Kg2 Be7 34.h4 Rd6 35.b3 Bd8 
36.Kh3 Kg8 37.Bf4 Re6 38.Bd2 Rd7 39.Bf4 Re8 40.Bd2 Rd6 41.Bf4 Ree6 42.Bd2 
1/2-1/2

[Event "East European zonal 3 (w)"]
[Site "Balatonfoldvar HUN"]
[Date "1987.??.??"]
[Round "2"]
[White "Angelova, Pavlina"]
[Black "Jicman, Ligia-Letitia"]
[Result "1/2-1/2"]
[WhiteElo "2245"]
[BlackElo "2220"]
[EventDate "1987.02.19"]
[PlyCount "88"]

1.Nf3 Nf6 2.c4 c5 3.Nc3 Nc6 4.d4 cxd4 5.Nxd4 e6 6.g3 Bc5 7.Nb3 Bb4 8.Bg2 
d5 9.cxd5 Nxd5 10.Bd2 Nxc3 11.bxc3 Be7 12.O-O O-O 13.Be3 Qc7 14.Qc1 e5 15.
Bd5 b6 16.c4 Bh3 17.Rd1 Rac8 18.Qb2 Nd8 19.Rac1 Ne6 20.a4 Bc5 21.Bxc5 bxc5
22.Qc3 Rb8 23.Bxe6 Bxe6 24.Qe3 Rfc8 25.Rd3 h6 26.Nd2 Rb4 27.Ne4 Rxa4 28.
Nd6 Rb8 29.Qxe5 Ra2 30.Re3 Rb6 31.Nb5 Qxe5 32.Rxe5 Bxc4 33.Rxc4 Rxb5 34.
Rcxc5 Rxc5 35.Rxc5 Rxe2 36.Rc8+ Kh7 37.Rc7 a6 38.Rxf7 Kg6 39.Ra7 Re6 40.
Kg2 Kf6 41.h4 g6 42.g4 Ke5 43.Kg3 g5 44.hxg5 hxg5 1/2-1/2

[Event "East European zonal 3 (w)"]
[Site "Balatonfoldvar HUN"]
[Date "1987.??.??"]
[Round "2"]
[White "Wiese-Jozwiak, Malgorzata"]
[Black "Erenska-Radzewska, Hanna"]
[Result "1-0"]
[WhiteElo "2290"]
[BlackElo "2300"]
[EventDate "1987.02.19"]
[PlyCount "59"]

1.e4 c5 2.f4 Nc6 3.Nf3 g6 4.Bb5 Bg7 5.O-O Nh6 6.d3 O-O 7.c3 Qb6 8.a4 Na5 
9.Nbd2 Qc7 10.Qe1 d6 11.Bc4 Nxc4 12.Nxc4 b6 13.f5 Ng4 14.Qh4 Nf6 15.Bh6 
Nh5 16.Bxg7 Kxg7 17.Ne3 Nf6 18.Ng4 Nxg4 19.Qxg4 d5 20.Qh4 f6 21.Rae1 d4 
22.cxd4 cxd4 23.Rc1 Qd6 24.Rc4 Ba6 25.Rxd4 Qc6 26.Kh1 Rad8 27.e5 Bb7 28.
exf6+ Qxf6 29.Ng5 Rxd4 30.Qxh7# 1-0

[Event "East European zonal 3 (w)"]
[Site "Balatonfoldvar HUN"]
[Date "1987.??.??"]
[Round "2"]
[White "Voiska, Margarita"]
[Black "Ciprianova-Kubikova, Hana"]
[Result "1-0"]
[WhiteElo "2305"]
[BlackElo "2145"]
[EventDate "1987.02.19"]
[PlyCount "119"]

1.Nf3 Nf6 2.g3 g6 3.Bg2 Bg7 4.O-O O-O 5.d4 d6 6.c4 Nbd7 7.Qc2 e5 8.Rd1 Qe7
9.e4 c6 10.Nc3 Nb6 11.dxe5 dxe5 12.b3 Bg4 13.a4 Bxf3 14.Bxf3 Rfd8 15.Ba3 
Rxd1+ 16.Nxd1 Qc7 17.Ne3 Rd8 18.c5 Nbd7 19.Nc4 Nf8 20.Rd1 Rxd1+ 21.Qxd1 
Ne6 22.Qd6 Ne8 23.Qxc7 N8xc7 24.Nd6 Nd4 25.Bd1 b5 26.cxb6 axb6 27.Nc8 Na8 
28.Ne7+ Kh8 29.Bb2 c5 30.Bxd4 exd4 31.Nd5 d3 32.Kf1 h5 33.Nf4 d2 34.Ke2 
Bc3 35.Kd3 Ba5 36.Nd5 Kg7 37.Kc2 Kf8 38.Nc3 Nc7 39.Kxd2 b5 40.Kd3 b4 41.
Ne2 Ke7 42.Kc4 Bb6 43.Nf4 Ba7 44.Nd3 Ne6 45.f4 Kd6 46.e5+ Ke7 47.h3 Kd7 
48.g4 h4 49.f5 gxf5 50.gxf5 Ng5 51.Nxc5+ Bxc5 52.Kxc5 Nxh3 53.a5 Nf2 54.
Bf3 Kc7 55.a6 Nd3+ 56.Kd4 Ne1 57.a7 Nxf3+ 58.Ke3 Kb7 59.Kxf3 Kxa7 60.e6 
1-0

[Event "East European zonal 3 (w)"]
[Site "Balatonfoldvar HUN"]
[Date "1987.??.??"]
[Round "2"]
[White "Szmacinska, Grazyna"]
[Black "Madl, Ildiko"]
[Result "0-1"]
[WhiteElo "2315"]
[BlackElo "2350"]
[EventDate "1987.02.19"]
[PlyCount "160"]

1.d4 Nf6 2.Nf3 e6 3.e3 d5 4.Bd3 c5 5.b3 Nc6 6.O-O Bd6 7.Bb2 Qe7 8.Ne5 O-O 
9.f4 Nd7 10.Rf3 g6 11.c4 Re8 12.Rg3 Nf8 13.Nd2 cxd4 14.exd4 Ba3 15.Bxa3 
Qxa3 16.Ndf3 dxc4 17.Bxc4 Rd8 18.Nxc6 bxc6 19.Qe2 Qd6 20.Qe5 a5 21.Re1 Ba6
22.Qxd6 Rxd6 23.Rc1 Nd7 24.Kf2 Bxc4 25.bxc4 Rb8 26.Rc2 f6 27.h4 Kf7 28.Rh3
h5 29.Rh1 Rb4 30.Rd1 c5 31.Ke3 Ke7 32.Rdd2 Ra4 33.dxc5 Ra3+ 34.Ke2 Nxc5 
35.Rxd6 Kxd6 36.Nd4 Rg3 37.Kf2 Ne4+ 38.Kg1 a4 39.Kh2 Rd3 40.Nb5+ Kc6 41.
Re2 f5 42.Rc2 Rd2 43.Rc1 Rxa2 44.Nd4+ Kd6 45.Nf3 Kc5 46.Ne5 Rd2 47.Ra1 Nc3
48.Rc1 Ne4 49.Rb1 a3 50.Rb5+ Kd6 51.Ra5 a2 52.c5+ Kc7 53.Ra7+ Kc8 54.c6 
Nd6 55.Nf3 Rb2 56.Nd4 Kb8 57.Ra6 Nc4 58.Nxe6 Nb6 59.Nc5 Kc7 60.Nd3 Rd2 61.
Nb4 Rd4 62.Ra7+ Kd6 63.Nxa2 Rxf4 64.Kh3 Nd5 65.c7 Rc4 66.Rb7 Kd7 67.Rb1 
Rxc7 68.Nb4 Rc3+ 69.Kh2 Ne3 70.Kg1 Kd6 71.Re1 f4 72.Rb1 Ke5 73.Ra1 Ke4 74.
Ra6 Rb3 75.Nc6 Rb1+ 76.Kf2 Rb2+ 77.Ke1 Nxg2+ 78.Kd1 Nxh4 79.Ra4+ Kf3 80.
Ne5+ Kg3 0-1

[Event "East European zonal 3 (w)"]
[Site "Balatonfoldvar HUN"]
[Date "1987.??.??"]
[Round "2"]
[White "Ivanka, Maria"]
[Black "Veroci-Petronic, Zsuzsa"]
[Result "1-0"]
[WhiteElo "2290"]
[BlackElo "2415"]
[EventDate "1987.02.19"]
[PlyCount "63"]

1.Nf3 Nf6 2.c4 g6 3.b3 Bg7 4.Bb2 O-O 5.g3 d6 6.Bg2 e5 7.d3 Nc6 8.O-O h6 9.
Nc3 Be6 10.e4 Nh5 11.Ne2 f5 12.exf5 gxf5 13.Nh4 f4 14.d4 fxg3 15.hxg3 Bf7 
16.Nf5 Qg5 17.Nxg7 Nxg7 18.dxe5 dxe5 19.Qc1 Ne6 20.f4 exf4 21.Qc3 Qg7 22.
Qxg7+ Nxg7 23.Nxf4 Nh5 24.Nd5 Bg6 25.g4 Ng3 26.Nf6+ Kf7 27.Bd5+ Ke7 28.
Ba3+ Kd8 29.Bxf8 Nxf1 30.Rxf1 Nd4 31.Bxb7 Rb8 32.Rd1 1-0

[Event "East European zonal 3 (w)"]
[Site "Balatonfoldvar HUN"]
[Date "1987.??.??"]
[Round "2"]
[White "Richtrova-Klimova, Eliska"]
[Black "Stanciu, Gabriela"]
[Result "1-0"]
[WhiteElo "2320"]
[BlackElo "2245"]
[EventDate "1987.02.19"]
[PlyCount "97"]

1.e4 e5 2.Nf3 Nc6 3.Bb5 a6 4.Ba4 Nf6 5.O-O b5 6.Bb3 Bb7 7.Re1 Bc5 8.c3 d6 
9.d4 Bb6 10.Bg5 h6 11.Bh4 O-O 12.a4 Re8 13.axb5 axb5 14.Rxa8 Bxa8 15.Qd3 
Kf8 16.Qxb5 exd4 17.cxd4 g5 18.Nxg5 Nxd4 19.Nxf7 Qe7 20.Qd3 Nxb3 21.Nxh6 
Qh7 22.Bxf6 Qxh6 23.Qf3 Qg6 24.Bd4+ Qf7 25.Qxf7+ Kxf7 26.Bxb6 cxb6 27.Nc3 
Bc6 28.Rd1 Ke6 29.f3 Ra8 30.h4 b5 31.h5 b4 32.Ne2 Ke5 33.g4 d5 34.exd5 
Bxd5 35.Kf2 Bc4 36.h6 Bxe2 37.Kxe2 Rh8 38.g5 Nd4+ 39.Ke3 Nf5+ 40.Kf2 Kf4 
41.Rg1 Rh7 42.Rg4+ Ke5 43.Rxb4 Nxh6 44.Rh4 Rb7 45.gxh6 Rxb2+ 46.Kg3 Rb8 
47.h7 Rh8 48.Rh6 Kf5 49.f4 1-0

[Event "East European zonal 3 (w)"]
[Site "Balatonfoldvar HUN"]
[Date "1987.??.??"]
[Round "2"]
[White "Porubszky, Maria"]
[Black "Grosch, Maria"]
[Result "0-1"]
[WhiteElo "2240"]
[BlackElo "2220"]
[EventDate "1987.02.19"]
[PlyCount "121"]

1.Nf3 Nf6 2.b3 b6 3.Bb2 e6 4.e3 Bb7 5.Be2 Be7 6.O-O O-O 7.c4 c5 8.d4 cxd4 
9.Nxd4 Nc6 10.Nc3 Qc7 11.Rc1 Rad8 12.Nf3 Qb8 13.e4 d6 14.Re1 Ne5 15.Qc2 
Ned7 16.Bf1 a6 17.a3 Rc8 18.b4 Qa8 19.Qb1 Rfe8 20.Bd3 g6 21.Red1 Ng4 22.
Na4 Bc6 23.Nc3 Nge5 24.Nxe5 dxe5 25.f3 Red8 26.Ne2 Qb8 27.Bc2 a5 28.Bc3 
axb4 29.axb4 f6 30.Bb3 Nf8 31.Qc2 Rxd1+ 32.Rxd1 Rd8 33.Nc1 Rxd1+ 34.Qxd1 
Qd6 35.Qxd6 Bxd6 36.Nd3 Kf7 37.Kf2 Nd7 38.Ke3 f5 39.exf5 gxf5 40.g3 e4 41.
fxe4 Bxe4 42.Nf4 Nf6 43.Bxf6 Kxf6 44.Nxe6 Bxb4 45.Nf4 Bc5+ 46.Ke2 Ke5 47.
Ba4 Kd4 48.Bb5 Bd6 49.Ne6+ Kc3 50.Ke3 Bd3 51.Ng5 Bxc4 52.Bxc4 Kxc4 53.Nxh7
b5 54.Kd2 Be7 55.Kc2 Kd4 56.h4 Ke5 57.Ng5 Bxg5 58.hxg5 Ke6 59.Kc3 Kf7 60.
Kb4 Kg6 61.Kxb5 0-1

[Event "East European zonal 3 (w)"]
[Site "Balatonfoldvar HUN"]
[Date "1987.??.??"]
[Round "2"]
[White "Baumstark, Gertrude"]
[Black "Savova, Stefka"]
[Result "1-0"]
[WhiteElo "2080"]
[BlackElo "2245"]
[EventDate "1987.02.19"]
[PlyCount "63"]

1.e4 c5 2.Nf3 d6 3.d4 cxd4 4.Nxd4 Nf6 5.Nc3 a6 6.f4 g6 7.Be2 Bg7 8.O-O O-O
9.Kh1 Nbd7 10.a4 Nc5 11.Bf3 e5 12.Nb3 Qc7 13.Be3 Nxb3 14.cxb3 Re8 15.Rc1 
Qe7 16.f5 Bd7 17.Bg5 Bc6 18.Be2 h6 19.Bxf6 Bxf6 20.Bc4 Kg7 21.b4 g5 22.b5 
axb5 23.axb5 Bd7 24.Nd5 Qd8 25.Qh5 Rf8 26.Rc3 Ra4 27.b3 Ra2 28.Rh3 Rh8 29.
Nc3 Be6 30.Bxe6 fxe6 31.Qg6+ Kf8 32.fxe6 1-0

[Event "East European zonal 3 (w)"]
[Site "Balatonfoldvar HUN"]
[Date "1987.??.??"]
[Round "3"]
[White "Jicman, Ligia-Letitia"]
[Black "Richtrova-Klimova, Eliska"]
[Result "0-1"]
[WhiteElo "2220"]
[BlackElo "2320"]
[EventDate "1987.02.19"]
[PlyCount "82"]

1.e4 e5 2.Nf3 Nc6 3.Bb5 a6 4.Ba4 Nf6 5.d4 exd4 6.O-O Be7 7.Re1 b5 8.e5 
Nxe5 9.Nxe5 bxa4 10.Qxd4 O-O 11.Bg5 Rb8 12.Nc3 h6 13.Bxf6 Bxf6 14.Qxa4 
Rxb2 15.Nd5 Bxe5 16.Rxe5 d6 17.Ne7+ Kh8 18.Re2 Bd7 19.Qd4 Qb8 20.h3 Rb1+ 
21.Rxb1 Qxb1+ 22.Kh2 Qb5 23.Re3 Re8 24.f4 f6 25.f5 a5 26.Qg4 d5 27.Ng6+ 
Kg8 28.Rg3 Qc4 29.Qh5 Qxc2 30.Nh4 Re7 31.Qxh6 Qf2 32.Qh5 Re1 33.Nf3 Re7 
34.Qg4 c5 35.Nh4 d4 36.Ng6 Re3 37.Qh4 Qxg3+ 38.Qxg3 Rxg3 39.Kxg3 Kf7 40.
Kf4 Bxf5 41.Nh4 g5+ 0-1

[Event "East European zonal 3 (w)"]
[Site "Balatonfoldvar HUN"]
[Date "1987.??.??"]
[Round "3"]
[White "Stanciu, Gabriela"]
[Black "Wiese-Jozwiak, Malgorzata"]
[Result "1/2-1/2"]
[WhiteElo "2245"]
[BlackElo "2290"]
[EventDate "1987.02.19"]
[PlyCount "56"]

1.Nf3 c5 2.c4 Nf6 3.Nc3 e6 4.g3 b6 5.Bg2 Bb7 6.O-O Be7 7.d4 cxd4 8.Qxd4 
O-O 9.Rd1 Nc6 10.Qf4 d6 11.b3 a6 12.e4 Qc7 13.Ba3 Rfd8 14.Rac1 Ne5 15.Bb2 
Rac8 16.Qe3 Ned7 17.Qe2 Qb8 18.Nd4 Bf8 19.a3 Re8 20.Re1 Qa8 21.Nb1 e5 22.
Nc2 Nc5 23.Nd2 b5 24.Nb4 a5 25.Nd5 Nxd5 26.cxd5 b4 27.Qe3 Ba6 28.Bf1 Qb7 
1/2-1/2

[Event "East European zonal 3 (w)"]
[Site "Balatonfoldvar HUN"]
[Date "1987.??.??"]
[Round "3"]
[White "Madl, Ildiko"]
[Black "Voiska, Margarita"]
[Result "1/2-1/2"]
[WhiteElo "2350"]
[BlackElo "2305"]
[EventDate "1987.02.19"]
[PlyCount "133"]

1.e4 e6 2.d3 d5 3.Nd2 c5 4.g3 Nc6 5.Bg2 g6 6.Ngf3 Bg7 7.O-O Nge7 8.Re1 b6 
9.e5 Qc7 10.Qe2 a5 11.h4 h6 12.Nf1 Nf5 13.c3 O-O 14.Bf4 Kh7 15.N1h2 Ba6 
16.Qd2 Qd8 17.Ng4 a4 18.Kh2 Bb7 19.Rh1 a3 20.b3 b5 21.Kg1 h5 22.Ngh2 d4 
23.c4 bxc4 24.bxc4 Qa5 25.Qe2 Qc3 26.Rb1 Rab8 27.Ng5+ Kg8 28.Ne4 Qa5 29.
Nf3 Ba8 30.Kh2 Rxb1 31.Rxb1 Rb8 32.Rxb8+ Nxb8 33.Nfd2 Nd7 34.Nb3 Qc7 35.
Nf6+ Bxf6 36.exf6 Qd8 37.Be4 Bxe4 38.dxe4 e5 39.exf5 exf4 40.Qe7 fxg3+ 41.
fxg3 Qxe7 42.fxe7 Nf6 43.Nxc5 Ne8 44.Kg2 Kg7 45.Kf3 gxf5 46.Ke2 Kf6 47.Kd3
Kxe7 48.Kxd4 Nd6 49.Nd3 Ne4 50.Nf4 Nxg3 51.c5 Kd7 52.Kc4 Kc6 53.Kb4 Ne4 
54.Nxh5 Nxc5 55.Nf4 Kd6 56.h5 Ne6 57.Ne2 f4 58.h6 f3 59.Ng3 Ng5 60.Kxa3 
Ke5 61.Kb4 Kf6 62.a4 Ne6 63.a5 Nc7 64.Ne4+ Kg6 65.h7 Kg7 66.Kc5 f5 67.Nf2 
1/2-1/2

[Event "East European zonal 3 (w)"]
[Site "Balatonfoldvar HUN"]
[Date "1987.??.??"]
[Round "3"]
[White "Ciprianova-Kubikova, Hana"]
[Black "Ivanka, Maria"]
[Result "0-1"]
[WhiteElo "2145"]
[BlackElo "2290"]
[EventDate "1987.02.19"]
[PlyCount "60"]

1.d4 g6 2.c4 Bg7 3.Nc3 d6 4.e4 Nd7 5.f4 e5 6.fxe5 dxe5 7.d5 Ngf6 8.Nf3 O-O
9.Bg5 h6 10.Bh4 a5 11.h3 Qe7 12.Qc2 Nc5 13.O-O-O Ra6 14.g4 g5 15.Bf2 h5 
16.Be3 hxg4 17.Nxg5 Bh6 18.Qf2 Bxg5 19.Bxg5 Nfxe4 20.Bxe7 Nxf2 21.Bxf8 
Kxf8 22.Bg2 gxh3 23.Rdg1 Nxh1 24.Bxh1 Rg6 25.Rxg6 fxg6 26.Kd2 Bf5 27.Ke3 
g5 28.Nb5 Be4 29.Bxe4 Nxe4 30.Kf3 g4+ 0-1

[Event "East European zonal 3 (w)"]
[Site "Balatonfoldvar HUN"]
[Date "1987.??.??"]
[Round "3"]
[White "Muresan, Margareta"]
[Black "Baumstark, Gertrude"]
[Result "1/2-1/2"]
[WhiteElo "2310"]
[BlackElo "2080"]
[EventDate "1987.02.19"]
[PlyCount "70"]

1.d4 d5 2.c4 dxc4 3.Nf3 Nf6 4.Nc3 c5 5.d5 e6 6.e4 exd5 7.e5 Nfd7 8.Bg5 Be7
9.Bxe7 Qxe7 10.Nxd5 Qd8 11.Bxc4 Nc6 12.O-O O-O 13.Re1 Nb6 14.Nxb6 Qxb6 15.
Ng5 Nd4 16.Bd3 Bf5 17.Bxf5 Nxf5 18.Qh5 h6 19.Ne4 Nd4 20.Rac1 Qxb2 21.Rxc5 
Rac8 22.Nf6+ Kh8 23.Rxc8 Rxc8 24.Qxf7 Qe2 25.Rb1 Qxe5 26.Qxb7 Qc5 27.h4 
gxf6 28.Qf7 Qf5 29.Re1 Rg8 30.Re3 Qf4 31.Qh5 Nf5 32.Rf3 Rxg2+ 33.Kf1 Ng7 
34.Rxf4 Nxh5 35.Rf5 Rg4 1/2-1/2

[Event "East European zonal 3 (w)"]
[Site "Balatonfoldvar HUN"]
[Date "1987.??.??"]
[Round "3"]
[White "Grosch, Maria"]
[Black "Angelova, Pavlina"]
[Result "0-1"]
[WhiteElo "2220"]
[BlackElo "2245"]
[EventDate "1987.02.19"]
[PlyCount "78"]

1.c4 Nf6 2.Nc3 d5 3.cxd5 Nxd5 4.g3 e5 5.Bg2 Nb6 6.Nf3 Nc6 7.O-O Be7 8.d3 
O-O 9.Be3 Be6 10.Qc1 f6 11.Rd1 Qc8 12.d4 exd4 13.Nxd4 Nxd4 14.Bxd4 Re8 15.
Ne4 Nd5 16.Nc5 Bxc5 17.Bxc5 c6 18.e4 Nb6 19.b3 Nd7 20.Bd6 a5 21.Qc3 a4 22.
b4 Nb6 23.Rd4 Bh3 24.Bf3 Bg4 25.Bxg4 Qxg4 26.Bc5 Nd7 27.e5 Qe6 28.exf6 
Nxf6 29.Rd6 Ne4 30.Rxe6 Nxc3 31.Rxe8+ Rxe8 32.Kf1 Nd5 33.Rd1 b6 34.Rxd5 
cxd5 35.Bxb6 Re4 36.Bc5 Rc4 37.Ke1 Rc2 38.Bd6 Rxa2 39.b5 Rb2 0-1

[Event "East European zonal 3 (w)"]
[Site "Balatonfoldvar HUN"]
[Date "1987.??.??"]
[Round "3"]
[White "Savova, Stefka"]
[Black "Szmacinska, Grazyna"]
[Result "1-0"]
[WhiteElo "2245"]
[BlackElo "2315"]
[EventDate "1987.02.19"]
[PlyCount "107"]

1.Nf3 Nf6 2.d4 g6 3.Bf4 Bg7 4.h3 d6 5.e3 O-O 6.Be2 b6 7.O-O Bb7 8.c3 c5 9.
Nbd2 Nbd7 10.a4 a6 11.Bh2 Bc6 12.Qc2 Qb8 13.Ne1 Qb7 14.Bf3 b5 15.Bxc6 Qxc6
16.Nd3 Nd5 17.dxc5 Nxc5 18.Nxc5 Qxc5 19.Qe4 Bf6 20.Rfd1 Nb6 21.axb5 axb5 
22.Qf3 Rxa1 23.Rxa1 Na4 24.Ne4 Qf5 25.Qxf5 gxf5 26.Nxf6+ exf6 27.Bxd6 Re8 
28.c4 Nxb2 29.cxb5 Nc4 30.Bc7 Re6 31.Ra8+ Kg7 32.Kh2 Nb6 33.Ra6 Nd7 34.Kg3
Kf8 35.Bd6+ Kg7 36.Bc7 Kf8 37.Ra8+ Ke7 38.Kf4 Re4+ 39.Kxf5 Rb4 40.Bd8+ Kd6
41.Ra6+ Kd5 42.Bxf6 Rxb5 43.Bd4 Kc4+ 44.Kf4 Nf8 45.g4 Kd3 46.Kf3 Ne6 47.
Bf6 Rb7 48.Ra8 Rc7 49.Rh8 Nc5 50.h4 Kd2 51.h5 Nd3 52.Rxh7 Ke1 53.h6 Rc2 
54.Rxf7 1-0

[Event "East European zonal 3 (w)"]
[Site "Balatonfoldvar HUN"]
[Date "1987.??.??"]
[Round "3"]
[White "Veroci-Petronic, Zsuzsa"]
[Black "Porubszky, Maria"]
[Result "1/2-1/2"]
[WhiteElo "2415"]
[BlackElo "2240"]
[EventDate "1987.02.19"]
[PlyCount "33"]

1.e4 c5 2.c3 d5 3.exd5 Qxd5 4.d4 e6 5.Nf3 Nf6 6.Na3 Qd8 7.Nc2 Nbd7 8.Be2 
Be7 9.O-O O-O 10.Bf4 b6 11.a4 Bb7 12.a5 bxa5 13.dxc5 Bxc5 14.Bd6 Bxd6 15.
Qxd6 Qb6 16.Qa3 Nd5 17.Rfd1 1/2-1/2

[Event "East European zonal 3 (w)"]
[Site "Balatonfoldvar HUN"]
[Date "1987.??.??"]
[Round "4"]
[White "Porubszky, Maria"]
[Black "Ciprianova-Kubikova, Hana"]
[Result "1-0"]
[WhiteElo "2240"]
[BlackElo "2145"]
[EventDate "1987.02.19"]
[PlyCount "43"]

1.Nf3 Nf6 2.b3 g6 3.Bb2 Bg7 4.e3 d6 5.d4 O-O 6.Be2 Nbd7 7.O-O Re8 8.c4 e5 
9.dxe5 Ng4 10.Nc3 Ndxe5 11.Nxe5 Nxe5 12.f4 Nc6 13.Qd2 Rxe3 14.Nd5 Re8 15.
Rae1 Be6 16.Bxg7 Kxg7 17.Qc3+ f6 18.Bf3 a5 19.Re2 Nb8 20.Rfe1 Kf7 21.f5 
Bd7 22.Re7+ 1-0

[Event "East European zonal 3 (w)"]
[Site "Balatonfoldvar HUN"]
[Date "1987.??.??"]
[Round "4"]
[White "Szmacinska, Grazyna"]
[Black "Muresan, Margareta"]
[Result "1/2-1/2"]
[WhiteElo "2315"]
[BlackElo "2310"]
[EventDate "1987.02.19"]
[PlyCount "71"]

1.d4 d5 2.Nf3 Nf6 3.c4 c6 4.e3 Bf5 5.Nc3 e6 6.cxd5 Nxd5 7.Be2 Nd7 8.O-O 
Be7 9.Bd2 O-O 10.a3 h6 11.b4 Nxc3 12.Bxc3 Bd6 13.Qb3 Qe7 14.Qb2 Nb6 15.Bd2
Bg4 16.Rfc1 Bxf3 17.Bxf3 e5 18.g3 Rad8 19.a4 exd4 20.exd4 Qf6 21.Bg2 Bb8 
22.a5 Nd5 23.b5 cxb5 24.Qxb5 Qxd4 25.Be1 Nc7 26.Qxb7 Ne6 27.Qe4 Be5 28.
Rab1 Qxe4 29.Bxe4 Rb8 30.Kf1 Rfd8 31.Rd1 Rxd1 32.Rxd1 Kf8 33.f4 Bf6 34.Rb1
Rxb1 35.Bxb1 Bd8 36.Bf2 1/2-1/2

[Event "East European zonal 3 (w)"]
[Site "Balatonfoldvar HUN"]
[Date "1987.??.??"]
[Round "4"]
[White "Ivanka, Maria"]
[Black "Madl, Ildiko"]
[Result "1/2-1/2"]
[WhiteElo "2290"]
[BlackElo "2350"]
[EventDate "1987.02.19"]
[PlyCount "29"]

1.c4 e6 2.Nc3 d5 3.cxd5 exd5 4.d4 Be7 5.Nf3 c6 6.h3 Bf5 7.Bf4 h6 8.e3 Nf6 
9.Bd3 Bxd3 10.Qxd3 O-O 11.O-O Nbd7 12.Rac1 Re8 13.Ne5 Nxe5 14.Bxe5 Bd6 15.
Bxd6 1/2-1/2